[Event "Wielkopolska III Liga Juniorow 2016"]
[Site "Gniezno"]
[Date "1899-12-30"]
[Round "7.25"]
[White "Raczynski, Krzysztof"]
[Black "Walkowski, Milosz"]
[Result "1/2-1/2"]
[WhiteTitle "I++"]
[BlackTitle "I"]
[WhiteElo "2088"]
[BlackElo "1694"]

1. e4 c6 2. d4 d5 3. Nc3 dxe4 4. Nxe4 Bf5 5. Ng3 Bg6 6. h4 h6 7. Nf3 Nd7 8. h5
Bh7 9. Bd3 Bxd3 10. Qxd3 e6 11. Bf4 Qa5+ 12. Bd2 Qc7 13. O-O-O Ngf6 14. Qe2 O-O-O
15. Ne5 Nb6 16. Ba5 Rd5 17. Bxb6 axb6 18. c4 Ra5 19. Kb1 Bd6 20. f4 Rd8 21. Ne4
Nxe4 22. Qxe4 b5 23. c5 Bxe5 24. fxe5 Ra8 25. Rh3 Kb8 26. g4 Qa5 27. Ra3 Qb4 28.
Rxa8+ Kxa8 29. b3 Qa5 30. Kb2 Rh8 31. Qf4 Qc7 32. Rf1 Qd8 33. Rf2 Rf8 34. Qe4
Kb8 35. Kc3 Kc7 36. Rf3 Kd7 37. Kd3 Qa5 38. Rf2 Qd8 39. Qf4 Ke8 40. Qe4 1/2-1/2

[Event "Wielkopolska III Liga Juniorow 2016"]
[Site "Gniezno"]
[Date "1899-12-30"]
[Round "7.26"]
[White "Walkowski, Jonasz"]
[Black "Zurawski, Kamil"]
[Result "1/2-1/2"]
[WhiteTitle "II"]
[BlackTitle "I"]
[WhiteElo "1497"]
[BlackElo "1673"]

1. Nf3 Nf6 2. e3 g6 3. b3 Bg7 4. Bb2 O-O 5. Be2 d5 6. O-O c5 7. d4 cxd4 8. exd4
Nc6 9. c4 Bg4 10. Ne5 Bxe2 11. Qxe2 Rc8 12. Rd1 e6 13. f4 Qc7 14. Nd2 dxc4 15.
bxc4 Qb6 16. Nb3 Rfd8 17. Kh1 Nh5 18. g3 Bf8 19. Rac1 Nxe5 20. fxe5 Qa6 21. Ba1
Ng7 22. g4 Rd7 23. Rd2 Ba3 24. Bb2 Bb4 25. Bc3 Be7 26. c5 Bg5 27. Qxa6 bxa6 28.
Rdc2 Bxc1 29. Rxc1 h5 30. h3 hxg4 31. hxg4 Ne8 32. Na5 f5 33. c6 Rh7+ 34. Kg2
Nc7 35. Bb4 Nb5 36. a4 Nxd4 37. Rc4 Ne2 38. Nb7 Rxc6 39. Rxc6 Rxb7 40. Bd6 fxg4
41. Rxa6 Nd4 42. Bc5 Rb2+ 43. Kg3 Nf5+ 44. Kxg4 Rg2+ 45. Kf3 Nh4+ 46. Ke3 g5 47.
Rxe6 Rg3+ 48. Ke2 Rg4 49. Re8+ Kf7 50. Re7+ Kg6 51. Rxa7 Re4+ 52. Kd3 Rxe5 53.
Bd4 Rf5 54. a5 g4 55. a6 Nf3 56. Rg7+ Kh6 57. Rxg4 Ra5 1/2-1/2

[Event "Wielkopolska III Liga Juniorow 2016"]
[Site "Gniezno"]
[Date "1899-12-30"]
[Round "7.27"]
[White "Kaminski, Antoni"]
[Black "Lorenz, Rafal"]
[Result "1-0"]
[WhiteTitle "II"]
[BlackTitle "II"]
[WhiteElo "1537"]
[BlackElo "1266"]

1. e4 e5 2. Nf3 Nc6 3. Bb5 Bc5 4. O-O Nge7 5. c3 O-O 6. d4 exd4 7. cxd4 Bb6 8.
a3 d6 9. h3 a6 10. Bd3 Nxd4 11. Nc3 Nxf3+ 12. Qxf3 Be6 13. Qg3 Kh8 14. Kh1 Nc6
15. Nd5 Bxd5 16. exd5 Ne5 17. Bc2 Qd7 18. f4 Qb5 19. Rd1 Nd7 20. b4 Nf6 21. Bb2
Qd7 22. Qh4 h6 23. Bxf6 gxf6 24. Qxh6+ Kg8 25. Qh7# 1-0

[Event "Wielkopolska III Liga Juniorow 2016"]
[Site "Gniezno"]
[Date "1899-12-30"]
[Round "7.28"]
[White "Grabsztunowicz, Agnieszka"]
[Black "Lepski, Maksymilian"]
[Result "0-1"]
[WhiteTitle "II"]
[BlackTitle "II"]
[WhiteElo "1009"]
[BlackElo "1411"]

1. e4 c5 2. Nf3 d6 3. Nc3 Nf6 4. Bc4 Nc6 5. d3 e6 6. Bg5 Be7 7. O-O O-O 8. Bb3
a6 9. Qe2 Qc7 10. a3 b5 11. h3 Bb7 12. Rab1 Rac8 13. Ba2 Rfd8 14. Rfd1 Nd4 15.
Qe3 Nxc2 16. Qd2 Nd4 17. Nxd4 cxd4 18. Ne2 Qb6 19. b4 Rc6 20. Qb2 h6 21. Bh4 Rdc8
22. Nxd4 Rc3 23. Nf3 Rc2 24. Qa1 Nxe4 25. Qd4 Qxd4 26. Nxd4 Rxa2 27. Bxe7 Nc3
28. Ra1 Rxa1 29. Rxa1 d5 30. Rc1 e5 31. Kf1 exd4 32. Bc5 Na4 33. Ke1 Kh7 34. Kd2
Nxc5 35. bxc5 Kg6 36. Ke2 a5 37. f4 Bc6 38. g3 Re8+ 39. Kf2 Re3 40. Rd1 h5 41.
h4 Kf5 42. Rd2 Kg4 43. Rd1 Rxg3 44. Rg1 Rxg1 45. Kxg1 b4 46. axb4 axb4 47. Kg2
b3 48. Kf2 b2 49. Ke2 b1=Q 50. Kf2 Qd1 51. Kg2 Qe2+ 52. Kg1 Kg3 53. Kh1 Qg2# 0-1

[Event "Wielkopolska III Liga Juniorow 2016"]
[Site "Gniezno"]
[Date "1899-12-30"]
[Round "7.29"]
[White "Nawrocka, Edyta"]
[Black "Janiszewska, Karolina"]
[Result "1-0"]
[WhiteTitle "II"]
[BlackTitle "III"]
[WhiteElo "1115"]
[BlackElo "1006"]

1. e4 e5 2. Nf3 Nc6 3. d4 d6 4. h3 Be6 5. Nc3 h6 6. Be3 Nf6 7. Bb5 a6 8. Ba4 Be7
9. O-O O-O 10. Bb3 Qd7 11. d5 Bxd5 12. Bxd5 Rab8 13. Bb3 b6 14. Qd2 Na7 15. Rad1
c5 16. a3 Rbd8 17. Ba2 a5 18. a4 b5 19. axb5 Nxb5 20. Bd5 Nc7 21. Bb3 Rb8 22.
Ra1 Ra8 23. Qd3 Qc6 24. Ba4 Qb6 25. Bb3 Na6 26. Bd2 Rfc8 27. Qb5 Qxb5 28. Nxb5
c4 29. Ba4 Nxe4 30. b3 c3 31. Be3 Nb4 32. Rac1 f6 33. Rfd1 Rd8 34. Ne1 d5 35.
f3 Ng3 36. Rb1 d4 37. Bf2 Ne2+ 38. Kf1 Nf4 39. Nc7 Ra7 40. Nb5 Rb7 41. Bg3 Nfd5
42. Bf2 g5 43. Rbc1 h5 44. g3 Kg7 45. Bg1 f5 46. Ng2 Nc6 47. Bf2 Nb8 48. Ne1 Nb4
49. Nd3 Kf6 50. f4 Nxd3 51. Rxd3 e4 52. Bxd4+ Ke6 53. Rxc3 gxf4 54. gxf4 Bb4 55.
Rg3 h4 56. Rg5 Be7 57. Rg6+ Kd5 58. Rb6 Rxb6 59. Bxb6 Rg8 60. Bxa5 e3 61. Ke2
Ke4 62. Bb6 Rg3 63. Nc3+ Kxf4 64. Bc7+ Kg5 65. Bxb8 Rxh3 66. Nd5 Kh6 67. Nxe7
Kg5 68. Nd5 Kg6 69. c4 Kf7 70. c5 Ke6 71. Nb6 Ke7 72. c6 Kf6 73. c7 f4 74. c8=Q
Rh2+ 75. Kd3 Rd2+ 76. Ke4 Kg5 77. Rg1+ Kf6 78. Qc6+ Ke7 79. Rg7+ Kf8 80. Rb7 Rd8
81. Qf6+ Kg8 82. Qg7# 1-0

[Event "Wielkopolska III Liga Juniorow 2016"]
[Site "Gniezno"]
[Date "1899-12-30"]
[Round "8.1"]
[White "Adamczewski, Maciej"]
[Black "Walkowski, Milosz"]
[Result "1-0"]
[WhiteTitle "I++"]
[BlackTitle "I"]
[WhiteElo "1949"]
[BlackElo "1694"]

1. d4 Nf6 2. c4 e6 3. Nc3 Bb4 4. e3 c5 5. a3 Bxc3+ 6. bxc3 O-O 7. Bd3 Nc6 8. Ne2
b6 9. e4 d6 10. f4 e5 11. d5 Na5 12. O-O Nh5 13. f5 Qh4 14. Rf3 Ba6 15. g3 Qh3
16. Kh1 Nf6 17. Ng1 Kh8 18. Qa4 g5 19. Ra2 Kg7 20. g4 Qh4 21. Rg2 Qe1 22. Bd2
Qa1 23. Bxg5 Qxc3 24. Bxf6+ Kxf6 25. Qd7 Rad8 26. g5+ Kg7 27. f6+ Kh8 28. Qf5
Bc8 29. g6 Bxf5 30. g7+ Kg8 31. exf5 Rfe8 32. Be4 Qe1 33. Rg4 Nxc4 34. Rh3 Nd2
35. Bg2 e4 36. Rg5 Nf3 37. Bxf3 exf3 38. Rxh7 Qxg1+ 39. Kxg1 Re1+ 40. Kf2 1-0

[Event "Wielkopolska III Liga Juniorow 2016"]
[Site "Gniezno"]
[Date "1899-12-30"]
[Round "8.2"]
[White "Walkowski, Jonasz"]
[Black "Janiszewski, Filip"]
[Result "0-1"]
[WhiteTitle "II"]
[BlackTitle "I"]
[WhiteElo "1497"]
[BlackElo "1922"]

1. Nf3 c5 2. e3 Nf6 3. b3 d5 4. Bb2 Bf5 5. Ne5 Nbd7 6. Bb5 a6 7. Bxd7+ Nxd7 8.
f4 f6 9. Nxd7 Qxd7 10. d4 e6 11. O-O Rc8 12. c3 Rg8 13. Nd2 cxd4 14. exd4 Bd6
15. Qe2 Kd8 16. c4 g5 17. fxg5 Rxg5 18. Nf3 Rg4 19. c5 Bb8 20. Rae1 Qg7 21. Bc1
Qg6 22. Rf2 Kd7 23. h3 Re4 24. Qd2 Rxe1+ 25. Nxe1 Bxh3 26. Qh6 Bf5 27. Qxg6 hxg6
28. g4 Bg3 29. gxf5 Bxf2+ 30. Kxf2 gxf5 31. Nf3 Rg8 32. Bf4 Rg4 33. Bd2 Re4 34.
Kg3 e5 35. dxe5 fxe5 36. Ng5 Re2 37. Bb4 Rxa2 38. Nf7 Rb2 39. Nxe5+ Ke6 40. Ba5
Rxb3+ 41. Kf4 Rb5 42. Bc3 Rxc5 43. Bd4 Rb5 44. Nd3 b6 45. Ke3 Rb3 46. Kd2 Ra3
47. Bxb6 Ra2+ 48. Ke3 a5 49. Bd4 a4 50. Nc5+ Kd6 51. Nb7+ Kc6 52. Nd8+ Kd7 53.
Nb7 a3 54. Nc5+ Kc6 55. Nd3 Rh2 56. Nb4+ Kd6 57. Kd3 f4 58. Nc2 a2 59. Na1 Ke6
60. Nb3 Kf5 61. Nd2 Kg4 62. Be5 f3 63. Nb3 Re2 64. Bd4 Re4 65. Bf2 Kh3 0-1

[Event "Wielkopolska III Liga Juniorow 2016"]
[Site "Gniezno"]
[Date "1899-12-30"]
[Round "8.3"]
[White "Skurniak, Szymon"]
[Black "Lorenz, Rafal"]
[Result "1-0"]
[WhiteTitle "I"]
[BlackTitle "II"]
[WhiteElo "1630"]
[BlackElo "1266"]

1. e4 e5 2. Nf3 Nc6 3. Nc3 Bb4 4. Nd5 d6 5. Bb5 Ba5 6. b4 Bb6 7. c3 Bd7 8. a4 a5
9. Nxb6 cxb6 10. Qb3 Qe7 11. d3 h6 12. Be3 Qd8 13. Bc4 Nf6 14. Bxf7+ Kf8 15. Nh4
g5 16. Ng6+ Kg7 17. Nxh8 Kxh8 18. h4 g4 19. Bxh6 axb4 20. Bg6 Qe7 21. Be3 Be6
22. c4 Bd7 23. Bxb6 Kg7 24. h5 Rh8 25. Qd1 Ng8 26. Qd2 Nh6 27. Be3 Be6 28. Bg5
Qf8 29. Bh4 Nd4 30. Qg5 Rg8 31. Bf5+ Kh8 32. Qf6+ Qg7 33. Qxg7+ Kxg7 34. Bxe6
Nxe6 35. Bg3 Nd4 36. Rb1 b3 37. c5 Kf6 38. cxd6 Ke6 39. d7 Rd8 40. Bh4 Rxd7 41.
Bg5 Nf7 42. Be3 Nc2+ 43. Kd2 Nxe3 44. fxe3 Nh6 45. Rxb3 Ke7 46. Rb6 Nf7 47. Rg6
Nh8 48. Rg7+ Ke6 49. h6 b6 50. Rh4 g3 51. Rh3 Rf7 52. Rhxg3 Rf2+ 53. Kc3 Rf7 54.
Rxf7 Kxf7 55. h7 Ng6 56. Rxg6 Kxg6 57. h8=Q Kf7 58. Kc4 Ke6 59. Qf8 Kd7 60. Kd5
Kc7 61. Qe7+ Kb8 62. Kc6 Ka8 63. Qb7# 1-0

[Event "Wielkopolska III Liga Juniorow 2016"]
[Site "Gniezno"]
[Date "1899-12-30"]
[Round "8.4"]
[White "Grabsztunowicz, Agnieszka"]
[Black "Ochedzan, Tymon"]
[Result "0-1"]
[WhiteTitle "II"]
[BlackTitle "II+"]
[WhiteElo "1009"]
[BlackElo "1589"]

1. e4 c5 2. Nf3 d6 3. d4 cxd4 4. Qxd4 Nc6 5. Qd1 Nf6 6. Nc3 a6 7. Bc4 e6 8. O-O
Be7 9. Bf4 Qc7 10. Qd2 O-O 11. Rad1 Rd8 12. Qe2 b5 13. Bb3 Bb7 14. Rd2 Na5 15.
a3 Nd7 16. e5 d5 17. Rfd1 Nb6 18. Rb1 h6 19. h3 Rdc8 20. Qe3 Nbc4 21. Qe2 Nxd2
22. Qxd2 b4 23. Ne2 Nxb3 24. cxb3 bxa3 25. bxa3 Bxa3 26. Ra1 Qc5 27. Be3 Qb4 28.
Qa2 Qb5 29. Nfd4 Qd3 30. Qxa3 Bc6 31. Rc1 Bb5 32. Rxc8+ Rxc8 33. Qb2 Qe4 34. Nc3
Qxe5 35. Qd2 Qb8 36. g3 Qb7 37. Nf3 Bc6 38. Nd4 Rd8 39. Nxc6 Qxc6 40. Bf4 f6 41.
Qb2 e5 42. Bd2 d4 43. Na4 Rb8 44. f4 Qxa4 45. b4 a5 46. b5 Qxb5 47. Qa2+ Kh8 48.
Qxa5 Qxa5 49. Bxa5 Rb2 50. Kf1 d3 51. Ke1 Re2+ 52. Kd1 Kg8 53. fxe5 fxe5 54. Bc3
e4 55. g4 e3 56. h4 Rh2 57. Kc1 Rc2+ 58. Kb1 Rxc3 59. Kb2 Rc2+ 60. Kb3 e2 0-1

[Event "Wielkopolska III Liga Juniorow 2016"]
[Site "Gniezno"]
[Date "1899-12-30"]
[Round "8.5"]
[White "Wawrzyniak, Weronika"]
[Black "Janiszewska, Karolina"]
[Result "1-0"]
[WhiteTitle "I"]
[BlackTitle "III"]
[WhiteElo "1315"]
[BlackElo "1006"]

1. d4 d5 2. c4 c6 3. Nc3 Nf6 4. Bg5 h6 5. Bh4 g5 6. Bg3 Bf5 7. Nf3 e6 8. e3 b6
9. Bd3 Ne4 10. Qc2 Nxg3 11. hxg3 Bxd3 12. Qxd3 f6 13. cxd5 exd5 14. Qg6+ Ke7 15.
Nh2 Qe8 16. Qf5 Qd7 17. Qf3 Bg7 18. e4 Qe6 19. O-O-O dxe4 20. Qxe4 Qxe4 21. Nxe4
f5 22. Nc3 a6 23. Rhe1+ Kd7 24. Nf3 Kc7 25. Re7+ Nd7 26. Rxg7 Rae8 27. d5 cxd5
28. Rxd5 g4 29. Ne5 Kc8 30. Nxd7 Re1+ 31. Kc2 Rhe8 32. Nxb6+ Kb8 33. Rdd7 R1e7
34. Rgxe7 Rxe7 35. Rxe7 h5 36. Nca4 h4 37. Nc5 hxg3 38. Rb7# 1-0

[Event "Wielkopolska III Liga Juniorow 2016"]
[Site "Gniezno"]
[Date "1899-12-30"]
[Round "8.6"]
[White "Grabsztunowicz, Monika"]
[Black "Kubasik, Aleksandra"]
[Result "0-1"]
[WhiteTitle "II"]
[BlackTitle "II"]
[WhiteElo "1047"]
[BlackElo "1153"]

1. e4 c5 2. Nf3 e6 3. d4 cxd4 4. Nxd4 a6 5. Nc3 Qc7 6. Be3 Bb4 7. Bd2 Nf6 8. Bd3
Bxc3 9. Bxc3 d5 10. exd5 Nxd5 11. Bd2 Qe5+ 12. Ne2 Qxb2 13. O-O O-O 14. Nf4 Nc3
15. Bxc3 Qxc3 16. Rb1 b5 17. Qh5 h6 18. Qf3 Qc7 19. Qe4 g6 20. Rb4 Bb7 21. Qe3
Nc6 22. Rbb1 Rad8 23. Qg3 Qd7 24. Qh4 Kg7 25. Qg4 Ne5 26. Qg3 Nxd3 27. cxd3 Kh7
28. h4 Qd6 29. Qh3 Qxf4 30. a3 Qf5 31. Qxf5 gxf5 32. Rbd1 Rg8 33. f3 Rd4 34. Kf2
Rxh4 35. Rh1 Rxh1 36. Rxh1 Rd8 37. Ke3 Kg6 38. Rc1 Rc8 39. Rb1 Bd5 40. Rb4 Rc3
41. a4 bxa4 42. Rxa4 Rc6 43. g4 h5 44. gxh5+ Kxh5 45. Rb4 Kg5 46. Rb7 f4+ 47.
Ke2 Rc2+ 48. Kd1 Bxb7 49. Kxc2 Bxf3 50. Kd2 a5 51. Ke1 a4 52. Kd2 a3 53. Kc2 a2
54. Kb2 Bd5 55. d4 f3 56. Ka1 f2 57. Kb2 f1=Q 58. Kc3 a1=Q+ 59. Kb4 Qc4# 0-1

[Event "Wielkopolska III Liga Juniorow 2016"]
[Site "Gniezno"]
[Date "1899-12-30"]
[Round "8.7"]
[White "Kus, Aleksander"]
[Black "Raczynski, Krzysztof"]
[Result "0-1"]
[WhiteTitle "I"]
[BlackTitle "I++"]
[WhiteElo "1873"]
[BlackElo "2088"]

1. e4 c5 2. Nf3 d6 3. d4 cxd4 4. Nxd4 Nf6 5. Nc3 a6 6. Be3 e6 7. f3 b5 8. Qd2 Nbd7
9. a4 b4 10. Na2 d5 11. exd5 Nxd5 12. Bf2 Bb7 13. Bd3 Bd6 14. O-O Qc7 15. g3 O-O
16. Rfd1 Rfd8 17. Nc1 Ne5 18. Be2 Nc4 19. Bxc4 Qxc4 20. Ncb3 Qc7 21. Qe2 g6 22.
Qd2 Rac8 23. Rac1 e5 24. Ne2 Nb6 25. Bxb6 Qxb6+ 26. Kg2 e4 27. Nbd4 exf3+ 28.
Nxf3 Bxg3 29. Qxd8+ Rxd8 30. Rxd8+ Qxd8 31. Kxg3 Qd6+ 32. Kf2 Qf6 33. Neg1 Qxb2
34. Ne2 Bxf3 35. Kxf3 Qa3+ 36. c3 b3 37. Rb1 b2 0-1

[Event "Wielkopolska III Liga Juniorow 2016"]
[Site "Gniezno"]
[Date "1899-12-30"]
[Round "8.9"]
[White "Leopold, Maks"]
[Black "Kaminski, Antoni"]
[Result "0-1"]
[WhiteTitle "II"]
[BlackTitle "II"]
[WhiteElo "1206"]
[BlackElo "1537"]

1. e4 c5 2. Bc4 Nc6 3. d3 g6 4. Bg5 Bg7 5. c3 Nf6 6. Nf3 d6 7. Nbd2 a6 8. Bxf6
Bxf6 9. Bd5 O-O 10. Nc4 Qc7 11. Qb3 b5 12. Ne3 Na5 13. Qc2 Rb8 14. a3 e6 15. Ba2
Nc6 16. O-O a5 17. Rfc1 b4 18. d4 Qb7 19. axb4 axb4 20. Nd2 cxd4 21. Nec4 dxc3
22. bxc3 bxc3 23. Nxd6 Qc7 24. N2c4 Ba6 25. Qe2 Qxd6 26. Rd1 Qc5 27. Qe3 Qxe3
28. Nxe3 c2 0-1

[Event "Wielkopolska III Liga Juniorow 2016"]
[Site "Gniezno"]
[Date "1899-12-30"]
[Round "8.11"]
[White "Kostecka, Marika"]
[Black "Nawrocka, Edyta"]
[Result "1-0"]
[WhiteTitle "I+"]
[BlackTitle "II"]
[WhiteElo "1699"]
[BlackElo "1115"]

1. e4 e5 2. Nf3 Nc6 3. Bb5 Nf6 4. d4 Nxe4 5. d5 Ne7 6. Nxe5 Ng6 7. Qe2 Qe7 8. Qxe4
Qxe5 9. Qxe5+ Nxe5 10. Bf4 f6 11. Ba4 b6 12. Nd2 Bb7 13. Bb3 O-O-O 14. O-O-O Re8
15. Rhe1 Bc5 16. Ne4 Ng6 17. Nxc5 Nxf4 18. Nxb7 Kxb7 19. g3 Ng6 20. d6 c6 21.
f4 Rhf8 22. h4 h5 23. Rxe8 Rxe8 24. Bf7 Re3 25. Bxg6 Rxg3 26. Bxh5 Rh3 27. Bg4
Rxh4 28. Bxd7 Rxf4 29. Be6 g5 30. d7 g4 31. d8=Q g3 32. Qc8# 1-0

[Event "Wielkopolska III Liga Juniorow 2016"]
[Site "Gniezno"]
[Date "1899-12-30"]
[Round "8.14"]
[White "Waszkowiak, Kinga"]
[Black "Wojciechowski, Antoni"]
[Result "0-1"]
[WhiteTitle "III"]
[BlackTitle "II+"]
[WhiteElo "1022"]
[BlackElo "1514"]

1. d4 Nf6 2. f4 d5 3. e3 Bf5 4. Nd2 e6 5. Ngf3 c5 6. Bd3 Bxd3 7. cxd3 Nc6 8. dxc5
d4 9. e4 Bxc5 10. h3 Qc7 11. Nb3 Bb4+ 12. Kf2 Qb6 13. Nfd2 Qc7 14. Nc4 b5 15.
Na3 Bxa3 16. bxa3 Qb6 17. Rf1 O-O 18. Kg1 Rfc8 19. Bb2 Nd7 20. Rc1 a5 21. Ra1
a4 22. Nd2 b4 23. Nc4 Qb8 24. Qe2 Nb6 25. Nxb6 Qxb6 26. Rfc1 Qb8 27. Qf2 Qd6 28.
e5 Qd5 29. Rc4 b3 30. Bxd4 Rab8 31. axb3 axb3 32. Rb1 Nxd4 33. Rxd4 b2 34. Rxb2
Rxb2 35. Qxb2 Qc5 36. Qb4 Qc1+ 37. Kh2 Qe3 38. Qb7 Rf8 39. Qb4 h5 40. Re4 Qf2
41. Qe1 Qc2 42. Qe2 Qc3 43. a4 h4 44. Re3 Qd4 45. Re4 Qc3 46. Qd1 Rd8 47. Rc4
Qxc4 48. dxc4 Rxd1 49. c5 Rc1 50. g3 Rc2+ 51. Kg1 hxg3 0-1

[Event "Wielkopolska III Liga Juniorow 2016"]
[Site "Gniezno"]
[Date "1899-12-30"]
[Round "8.15"]
[White "Poltorak, Sebastian"]
[Black "Stachecki, Mikolaj"]
[Result "1-0"]
[WhiteTitle "II+"]
[BlackTitle "II"]
[WhiteElo "1693"]
[BlackElo "1317"]

1. d4 f5 2. e4 fxe4 3. Nc3 Nf6 4. Bg5 g6 5. Bxf6 exf6 6. Nxe4 d5 7. Nc3 Bb4 8.
Qe2+ Qe7 9. Qxe7+ Kxe7 10. O-O-O Bxc3 11. bxc3 Bf5 12. f3 Nc6 13. Bd3 Bxd3 14.
cxd3 Kf7 15. Ne2 g5 16. f4 h6 17. Rhf1 Ne7 18. Rf2 f5 19. fxg5 hxg5 20. h3 Kg6
21. Re1 Nc6 22. Ng1 Rhe8 23. Rfe2 Kf7 24. Rxe8 Rxe8 25. Rxe8 Kxe8 26. Nf3 g4 27.
hxg4 fxg4 28. Nh2 g3 29. Nf1 b5 30. Nxg3 b4 31. Kb2 a5 32. Ne2 Kf7 33. Nf4 bxc3+
34. Kxc3 Ne7 35. Kb3 Kf6 36. Ka4 Kf5 37. Ne2 Nc6 38. a3 Kg4 39. Kb5 Na7+ 40. Kxa5
Kf5 41. Ka6 Nc8 42. Kb7 Nd6+ 43. Kc6 Ke6 44. a4 Ke7 45. a5 Kd8 46. a6 Nc8 47.
Kb7 Nd6+ 48. Kb8 Nb5 49. a7 Nxa7 50. Kxa7 Ke7 51. Ka6 Kd6 52. Kb5 c6+ 53. Kb6
1-0

[Event "Wielkopolska III Liga Juniorow 2016"]
[Site "Gniezno"]
[Date "1899-12-30"]
[Round "8.16"]
[White "Rosenfeld, Noe"]
[Black "Roszkiewicz, Anna"]
[Result "1-0"]
[WhiteTitle "II"]
[BlackTitle "I"]
[WhiteElo "1273"]
[BlackElo "1421"]

1. e4 c5 2. Nf3 d6 3. d4 cxd4 4. Nxd4 Nf6 5. Nc3 a6 6. Bc4 e6 7. Bb3 Be7 8. Qf3
O-O 9. Qg3 Re8 10. Bh6 Bf8 11. f4 e5 12. fxe5 dxe5 13. Nf3 Nh5 14. Qg5 Qxg5 15.
Bxg5 Be6 16. Bxe6 Rxe6 17. Nd5 Rc6 18. O-O-O f6 19. Be3 Bc5 20. Bxc5 Rxc5 21.
Nb6 Ra7 22. Rd8+ Kf7 23. Rxb8 Rc6 24. Nc8 1-0

[Event "Wielkopolska III Liga Juniorow 2016"]
[Site "Gniezno"]
[Date "1899-12-30"]
[Round "8.17"]
[White "Andrzejewska, Maja"]
[Black "Kubiak, Aleksandra"]
[Result "1-0"]
[WhiteTitle "II"]
[BlackTitle "II"]
[WhiteElo "1295"]
[BlackElo "1267"]

1. e4 a6 2. d4 b5 3. c4 b4 4. b3 Bb7 5. Nd2 e6 6. Ngf3 c5 7. d5 exd5 8. exd5 Nf6
9. Bb2 Be7 10. Bd3 O-O 11. O-O Re8 12. Qc2 h6 13. Rae1 d6 14. Re2 Bc8 15. Rfe1
Bd7 16. Bf5 Bxf5 17. Qxf5 Nbd7 18. Ne4 Nxe4 19. Qxe4 Nb6 20. Nh4 Ra7 21. Nf5 f6
22. Qg4 g5 23. Nxh6+ Kg7 24. Nf5+ Kf7 25. Qh5+ Kf8 26. Qh8+ Kf7 27. Qg7# 1-0

[Event "Wielkopolska III Liga Juniorow 2016"]
[Site "Gniezno"]
[Date "1899-12-30"]
[Round "8.18"]
[White "Nowak, Roksana"]
[Black "Roszkiewicz, Zofia"]
[Result "1-0"]
[WhiteTitle "II+"]
[BlackTitle "II"]
[WhiteElo "1258"]
[BlackElo "1011"]

1. f4 d5 2. Nf3 Nc6 3. e3 Bf5 4. Bb5 a6 5. Bxc6+ bxc6 6. b3 Nf6 7. Bb2 e6 8. O-O
Be7 9. d3 O-O 10. Nbd2 c5 11. Qe1 Bg4 12. Ne5 Bh5 13. Ndf3 Ng4 14. Nxg4 Bxg4 15.
Qg3 f5 16. h3 Bf6 17. Bxf6 Qxf6 18. hxg4 d4 19. g5 Qg6 20. exd4 cxd4 21. Nxd4
h6 22. Nf3 hxg5 23. Qxg5 Qxg5 24. Nxg5 Rae8 25. Rae1 Rf6 26. d4 c6 27. Rd1 Rh6
28. Rfe1 Kf8 29. c4 Ke7 30. d5 cxd5 31. cxd5 Kf8 32. Rxe6 Rexe6 33. Nxe6+ Ke7
34. Ng5 Rd6 35. Re1+ Kd7 36. Rd1 Rf6 37. Kf2 Kd6 38. g3 Kc5 39. d6 Rxd6 40. Rxd6
Kxd6 41. Ke3 g6 42. Kd4 a5 43. a3 Kc6 44. Kc4 Kb6 45. Ne6 Kc6 46. Nf8 g5 47. fxg5
Kd6 48. Kd4 Ke7 49. Nh7 Kf7 50. Ke5 Kg6 51. b4 1-0

[Event "Wielkopolska III Liga Juniorow 2016"]
[Site "Gniezno"]
[Date "1899-12-30"]
[Round "8.19"]
[White "Lapot, Arkadiusz"]
[Black "Ciesinska, Weronika"]
[Result "1-0"]
[WhiteTitle "II"]
[BlackTitle "I"]
[WhiteElo "1417"]
[BlackElo "1697"]

1. f4 d5 2. Nf3 Nc6 3. b3 Bg4 4. e3 Nf6 5. Bb2 e6 6. h3 Bxf3 7. Qxf3 a6 8. Be2
Be7 9. O-O O-O 10. d3 Nb4 11. Na3 c5 12. c3 Nc6 13. Nc2 Qc7 14. Qg3 b5 15. h4
c4 16. bxc4 bxc4 17. dxc4 dxc4 18. Bxc4 Ne4 19. Qe1 Bf6 20. Bd3 Nc5 21. Rd1 Na4
22. Ba1 Qa5 23. Nd4 Nxd4 24. cxd4 Qxe1 25. Rdxe1 Bxh4 26. Re2 Rfc8 27. g4 h6 28.
Rh2 Be7 29. g5 Kf8 30. gxh6 gxh6 31. Rxh6 Ke8 32. Rh8+ Kd7 33. Rxc8 Kxc8 34. Rc1+
Kd7 35. f5 Rg8+ 36. Kf2 Bh4+ 37. Kf1 Rg3 38. fxe6+ fxe6 39. Bxa6 Nb6 40. Bb5+
Kd8 41. e4 Re3 42. Bc3 Rf3+ 43. Kg1 Bg5 44. Rc2 Be3+ 45. Kg2 Rf7 46. a4 Rc7 47.
a5 Nd7 48. Bd3 Nb8 49. a6 Kc8 50. Kf3 Bg1 51. Ke2 Kd7 52. Bb5+ Kd8 53. Ba5 1-0

[Event "Wielkopolska III Liga Juniorow 2016"]
[Site "Gniezno"]
[Date "1899-12-30"]
[Round "8.23"]
[White "Jasinska, Patrycja"]
[Black "Walkowiak, Bogumila"]
[Result "0-1"]
[WhiteTitle "II"]
[BlackTitle "II"]
[WhiteElo "1162"]
[BlackElo "1337"]

1. e4 e5 2. Bc4 Bc5 3. Nc3 Nc6 4. d3 d6 5. Nf3 h6 6. Be3 Bb6 7. Nd5 Nf6 8. Nxb6
axb6 9. O-O Bg4 10. h3 Bh5 11. a3 O-O 12. b4 Qe7 13. g4 Bg6 14. Nh4 Kh7 15. f4
exf4 16. Rxf4 Ne5 17. Bb3 Rad8 18. Qd2 d5 19. Nf5 Bxf5 20. exf5 c5 21. d4 Ned7
22. c3 Qd6 23. Re1 Ne4 24. Qc1 c4 25. Bc2 Ndf6 26. Bxe4 Nxe4 27. h4 f6 28. Kg2
Ra8 29. Rg1 Rfc8 30. Kh3 b5 31. Kg2 Qa6 32. Kf3 Qxa3 33. Qxa3 Rxa3 34. Rc1 Nxc3
35. Re1 Ne4 36. Kg2 Rb3 37. Rf3 Rxb4 38. Bc1 Ra4 39. Kh1 b4 40. Kg2 c3 41. Bb2
Rc4 42. Bxc3 bxc3 43. Rc1 Rxd4 44. Re3 c2 45. Re2 Rd2 46. Rxd2 Nxd2 47. Kf2 Rc4
48. Ke2 Nb3 49. Rf1 c1=Q 50. Rxc1 Rxc1 0-1

[Event "Wielkopolska III Liga Juniorow 2016"]
[Site "Gniezno"]
[Date "1899-12-30"]
[Round "8.24"]
[White "Miranowska, Anna"]
[Black "Majdecka, Nikola"]
[Result "1-0"]
[WhiteTitle "II"]
[BlackTitle "III"]
[WhiteElo "1089"]
[BlackElo "1039"]

1. d4 d5 2. Nf3 Nc6 3. c4 Nf6 4. cxd5 Qxd5 5. Nc3 Qa5 6. Bd2 Nd5 7. Na4 Qa6 8.
e4 b5 9. exd5 Nd8 10. Nc3 Bd7 11. a4 Qd6 12. Bxb5 e6 13. Bxd7+ Qxd7 14. dxe6 Nxe6
15. Qe2 Be7 16. d5 Nc5 17. Qb5 Qxb5 18. Nxb5 O-O 19. O-O Rab8 20. Rac1 Bd6 21.
Nxd6 cxd6 22. a5 Rfe8 23. Be3 Rxb2 24. Bxc5 dxc5 25. Rxc5 Reb8 26. h3 h5 27. d6
a6 28. d7 R2b7 29. Rc8+ Kh7 30. d8=Q Rxc8 31. Qxc8 Rb5 32. Qxa6 Rf5 33. h4 g6
34. Qb6 Kg7 35. a6 Rf6 36. Qxf6+ Kxf6 37. a7 Kg7 38. a8=Q Kh7 39. Re1 Kg7 40.
Re7 Kf6 41. Qf8 Kf5 42. Qxf7+ Kg4 43. Re4# 1-0

[Event "Wielkopolska III Liga Juniorow 2016"]
[Site "Gniezno"]
[Date "1899-12-30"]
[Round "8.26"]
[White "Markiewicz, Krzysztof"]
[Black "Pabiszczak, Nikodem"]
[Result "1-0"]
[WhiteTitle "II"]
[BlackTitle "II"]
[WhiteElo "1355"]
[BlackElo "1281"]

1. e4 e5 2. Nf3 Nc6 3. Bb5 Nge7 4. O-O a6 5. Bc4 h6 6. d4 exd4 7. Nxd4 Nxd4 8.
Qxd4 Nc6 9. Qd2 Bc5 10. Bxf7+ Ke7 11. Bb3 Rf8 12. Nc3 d6 13. Nd5+ Ke8 14. Qe2
Ne5 15. Be3 c6 16. Nc3 Qh4 17. f3 Bxe3+ 18. Qxe3 Rf6 19. Qe2 Rg6 20. Kh1 Ke7 21.
f4 Ng4 22. h3 Nf6 23. e5 Nh5 24. exd6+ Kd7 25. Ne4 Nxf4 26. Nf6+ Kxd6 27. Rad1+
Kc7 28. Qe7+ Kb8 29. Nd7+ Bxd7 30. Qxh4 1-0

[Event "Wielkopolska III Liga Juniorow 2016"]
[Site "Gniezno"]
[Date "1899-12-30"]
[Round "8.27"]
[White "Jedras, Adrianna"]
[Black "Matloka, Milosz"]
[Result "0-1"]
[WhiteTitle "I"]
[BlackTitle "II"]
[WhiteElo "1277"]
[BlackElo "1355"]

1. e4 c5 2. Nf3 e6 3. d4 cxd4 4. Nxd4 a6 5. Be3 Qc7 6. Nd2 Nf6 7. f3 Nc6 8. Nxc6
bxc6 9. Bd3 d5 10. O-O Be7 11. Qe2 O-O 12. b3 Bb7 13. c4 Rfd8 14. Qf2 Rd7 15.
Bb6 Qb8 16. Rfe1 Bb4 17. Rad1 a5 18. e5 Ne8 19. Re2 Bc3 20. Qh4 h6 21. f4 Bc8
22. c5 Ba6 23. Bxa6 Rxa6 24. Nb1 Rxb6 25. cxb6 Qxb6+ 26. Kh1 Bb4 27. Qg3 Nc7 28.
Rc2 Nb5 29. Qf2 Qxf2 30. Rxf2 Be7 31. Rc2 c5 32. a4 Nd4 33. Rc3 Rb7 34. Nd2 Rc7
35. g3 Nc6 36. Rdc1 Nb4 37. Re1 Kh7 38. Kg2 Kg8 39. Nb1 Na2 40. Rf3 c4 41. bxc4
Rxc4 42. Nd2 Rc2 43. Rf2 Bc5 44. Ne4 Bxf2 45. Nxf2 Nb4 46. Rd1 Ra2 47. Rd4 Kf8
48. Kf3 Ke8 49. Ke3 Nc2+ 50. Kd3 Nxd4 51. Kxd4 Rxf2 52. Kc5 Rb2 53. h4 Rb4 54.
Kd6 d4 55. Kc5 d3 56. Kc6 d2 57. Kc7 d1=Q 58. Kc8 Qd7# 0-1

[Event "Wielkopolska III Liga Juniorow 2016"]
[Site "Gniezno"]
[Date "1899-12-30"]
[Round "8.28"]
[White "Matuszewski, Bartosz"]
[Black "Pieczewska, Gabriela"]
[Result "0-1"]
[WhiteTitle "II"]
[BlackTitle "II"]
[WhiteElo "1242"]
[BlackElo "1160"]

1. e4 e6 2. Nf3 d5 3. exd5 exd5 4. d4 Nc6 5. Bb5 Bg4 6. O-O Bd6 7. h3 Bh5 8. c3
Nge7 9. Re1 Qd7 10. Bg5 f6 11. Bh4 a6 12. Bd3 O-O-O 13. Nbd2 Rde8 14. Qc2 g5 15.
Bg3 Bxf3 16. Nxf3 h5 17. Bxd6 Qxd6 18. Bf5+ Kb8 19. Re6 Qf4 20. Rae1 g4 21. Nh4
gxh3 22. Ng6 Qg5 23. Nxe7 Qxg2# 0-1